| 000 | 00527nam a22001455i 4500 | ||
|---|---|---|---|
| 999 |
_c4768 _d4768 |
||
| 020 | _a9780198808169 (pbk.) | ||
| 050 |
_aKD1554 _b.M19 |
||
| 100 | 1 | _aEwan, McKendrick. | |
| 245 | 1 | 0 |
_aContract law : _btext, cases, and materials / _cEwan McKendrick. |
| 260 |
_aGreate Clarendon Street,Oxford, United Kingdon _bOxford Univ. Press _c2016 |
||
| 300 |
_axxxvi,1048pages _c25cm. |
||
| 500 | _aIncludes index. | ||
| 505 | _aIntroduction Formation Terms Setting the Contract Aside Remedies for bleach Third party rights | ||
| 942 | _cBK | ||